Fr. Conceicao Rodrigues College of Engineering

Microsoft Visual basic 5.0 (Record no. 32920)

MARC details
000 -LEADER
fixed length control field 00368nam a2200157Ia 4500
082 ## - DEWEY DECIMAL CLASSIFICATION NUMBER
Classification number 5.133
Item number CRA/WEB
100 ## - MAIN ENTRY--PERSONAL NAME
Personal name Craig/ John Clark/ Webb/Jeff
250 ## - EDITION STATEMENT
Edition statement 4
245 ## - TITLE STATEMENT
Title Microsoft Visual basic 5.0
260 ## - PUBLICATION, DISTRIBUTION, ETC.
Name of publisher, distributor, etc. Microsoft Press
Place of publication, distribution, etc. New Delhi
Date of publication, distribution, etc. 1997
300 ## - PHYSICAL DESCRIPTION
Extent 725
546 ## - LANGUAGE NOTE
Language note ENGLISH
654 ## - SUBJECT ADDED ENTRY--FACETED TOPICAL TERMS
Focus term Microsoft visual basic 5.0
942 ## - ADDED ENTRY ELEMENTS (KOHA)
Koha item type BOOK
Holdings
Withdrawn status Lost status Damaged status Not for loan Collection Home library Current library Date acquired Total Checkouts Full call number Barcode Date last seen Price effective from Koha item type
        CRC Fr. Agnel's C.Rodrigues College of Engineering Fr. Agnel's C.Rodrigues College of Engineering 17/03/2023   5.133 CRA/WEB 10847 17/03/2023 17/03/2023 BOOK